Jeden z Dziesięciu - trudne pytania #05 - Statystyki

Ogólne statystyki
  • Ten quiz został rozwiązany 21 razy
  • Średni wynik to 9 z 20
Statystyki odpowiedzi
Pytania Odpowiedź % Poprawnych
W którym roku wszedł w życie plan Marshalla? 1948
80%
Z ilu kości składa się szkielet dorosłego człowieka? z 206 kości
80%
Jak brzmi zbiorcze określenie na Nową Zelandię, Polinezję, Indonezję i Filipiny? Oceania
70%
Rodzajem czego jest pagaj? jednopiórowego wiosła
60%
Jak na Podhalu nazywa się uroczyste wyjście pasterzy z owcami na hale? redyk
55%
Z którymi górami jest związana postać Liczyrzepy? z Karkonoszami
50%
Do którego rzędu ssaków należą rudawki, zwane też kalongami? do nietoperzy
45%
Częścią której opery Giacomo Pucciniego jest aria Nessun dorma? Turandot
45%
Jak nazywa się amerykański pisarz, autor powieści Czerwony smok, Milczenie owiec, Cari Mora? Thomas Harris
45%
W którym mieście znajdziemy lotnisko Barajas? w Madrycie
45%
Jak nazywa się obraz Józefa Mehoffera, na którym widnieje charakterystyczna, olbrzymia ważka? Dziwny ogród
40%
Bohaterem której sztuki Moliera jest Pan Jourdain? Mieszczanin szlachcicem
40%
Która aktorka grała tytułową rolę w filmie Barbara Radziwiłłówna w 1936 r.? Jadwiga Smosarska
40%
Jak nazywa się polski grafik, twórca logotypów Solidarności oraz Sejmu RP? Jerzy Janiszewski
40%
Jak w górnictwie nazywa się dolna powierzchnia wyrobiska? spąg
40%
Jak nazywał się matematyk ze szkoły lwowskiej, który brał udział w projekcie Manhattan? Stanisław Ulam
40%
Jednostką czego jest angstrem? długości
35%
Jak nazywał się ostatni film, w którym zagrał James Dean? Olbrzym
35%
W jakiej dyscyplinie sportowej rozgrywany jest Międzynarodowy Turniej im. Władysława Pytlasińskiego? w zapasach
35%
Jak nazywa się przyznawana w Krakowskim Festiwalu Filmowym nagroda indywidualna za całokształt twórczości? Smok Smoków
25%
Nie znaleziono quizów pasujących do podanych kryteriów
Rozkład punktacji
Procent ludzi z każdym wynikiem
Percentyl według liczby udzielonych odpowiedzi
Twoja historia wyników
Nie rozwiązałeś tego quizu